| 000 | 00426nam a2200145 i 4500 | ||
|---|---|---|---|
| 001 | 78419 | ||
| 003 | ES-MaACL | ||
| 007 | t| | ||
| 008 | 041014s1978 sp ||||1| spa d | ||
| 100 | 1 |
_aHaupold Gay, Augusto Carlos. _962093 |
|
| 245 | 1 | 0 |
_aDos noches _b: (historia de una vida en dos jornadas) / _cAugusto Haupold Gay. |
| 260 |
_a[S.l. : _bs.n., _c1978] |
||
| 300 |
_a75 p. ; _c17 cm. |
||
| 852 |
_aES-MaACL _jL-7960 _bR.108282 |
||
| 999 |
_c78419 _d78419 |
||